| 000 | 00627nam a2200217 i 4500 | ||
|---|---|---|---|
| 001 | 92144 | ||
| 003 | ES-MaACL | ||
| 005 | 20230906180916.0 | ||
| 007 | t| | ||
| 008 | 050222s1972 sp ||||1| spa d | ||
| 100 | 1 |
_aLhande, Pierre. _972131 |
|
| 245 | 1 | 0 |
_aBilbilis _b: Novela / _cPierre Lhande; [trad. M. González Ruiz]. |
| 250 | _a2ª ed.facs. | ||
| 260 |
_aSan Sebastián : _bAuñamendi, _c[1972] |
||
| 300 |
_a271 p. : _bil. ; _c18 cm. |
||
| 655 | 7 |
_2tgfbne _9226495 _aFacsímiles |
|
| 700 | 1 |
_aGonzález Ruiz, M. _958944 |
|
| 852 |
_aES-MaACL _jC-52201 _bR.81523 |
||
| 942 | _2udc | ||
| 999 |
_c92144 _d92144 |
||